000 01162nam a2200265 a 4500
001 000010684
005 20210628225112.0
008 091009s1985 dr 001 0 spa d
040 _aDO-SdBNP
_bspa
_cBNPHU
082 _a616.963
_bA815d
100 1 _aAscuasiati de Alfau, Carmen
_925870
245 1 0 _aDiagnóstico inmunológico de bilharziasis :
_brevisión de la bibliografía /
_cCarmen Ascuasiati de Alfau, Carmen Paredes de Mejía, Aracelis Germán Rodríguez.
260 _aSanto Domingo :
_bFalcultad de Ciencia : UASD,
_c1985.
300 _a61 p. ;
_c24 cm.
490 1 _aPublicaciones de la Universidad Autónoma de Santo Domingo ;
_v397.
_aTemas de parasitología ;
_v10.
500 _aIncluye bibliográfia (p. 45)
650 4 _aEsquistosomiasis
_925871
650 4 _aDiagnóstico parasitológico
_925872
650 4 _aParasitología médica
_925873
700 1 _aParedes de Mejía, Carmen
_925874
700 1 _aGermán Rodríguez, Aracelis
_925875
710 _aUniversidad Autónoma de Santo Domingo
_976692
830 0 _aPublicaciones de la Universidad Autónoma de Santo Domingo ;
_v397.
_pTemas de parasitología ;
_n10.
_925877
049 _aBNPD
999 _c10439
_d10439